Detalles MARC
| 000 -Cabecera |
| Campo de control de longitud fija |
02654ata a2201081 4500 |
| 005 - Fecha y hora de la última transacción |
| Campo de control |
20240429173816.0 |
| 008 - Elementos de longitud fija--Información general |
| Campo de control de longitud fija |
150515b xxu||||| |||| 00| 0 spa d |
| 020 ## - International Standard Book Number |
| Número Internacional Estándar del Libro (ISBN) |
8485292823 |
| 041 ## - Idioma |
| Código de idioma |
Español |
| 082 ## - Clasificación Decimal Dewey |
| Número de clasificación |
507 C569c |
| 245 ## - Título propiamente dicho |
| Título |
Ciencias experimentales |
| 260 ## - Pie de imprenta |
| Lugar de publicación, distribución, etc. |
España |
| Nombre del editor, distribuidor, etc. |
Alfanauta |
| Fecha de publicación, distribución, etc. |
2007 |
| 300 ## - Descripción física |
| Extensión |
366 páginas |
| 650 ## - Materia general |
| Temática (materia general) |
EXPERIMENTOS |
| 650 ## - Materia general |
| Temática (materia general) |
PROYECTOS CIENTÍFICOS |
| 650 ## - Materia general |
| Temática (materia general) |
FÍSICA |
| 650 ## - Materia general |
| Temática (materia general) |
CINEMÁTICA |
| 650 ## - Materia general |
| Temática (materia general) |
VELOCIDAD |
| 650 ## - Materia general |
| Temática (materia general) |
MOVIMIENTO |
| 650 ## - Materia general |
| Temática (materia general) |
CAÍDA LIBRE |
| 650 ## - Materia general |
| Temática (materia general) |
MAGNETISMO |
| 650 ## - Materia general |
| Temática (materia general) |
ESTRUCTURA ATÓMICA |
| 650 ## - Materia general |
| Temática (materia general) |
ELECTRÓNICA |
| 650 ## - Materia general |
| Temática (materia general) |
FÍSICA NUCLEAR |
| 650 ## - Materia general |
| Temática (materia general) |
QUÍMICA INORGÁNICA |
| 650 ## - Materia general |
| Temática (materia general) |
SISTEMA PERIÓDICO |
| 650 ## - Materia general |
| Temática (materia general) |
ELEMENTOS QUÍMICOS |
| 650 ## - Materia general |
| Temática (materia general) |
COMPUESTOS QUÍMICOS |
| 650 ## - Materia general |
| Temática (materia general) |
DINÁMICA DE LA PARTICULA |
| 650 ## - Materia general |
| Temática (materia general) |
LEYES DE NEWTON |
| 650 ## - Materia general |
| Temática (materia general) |
TRABAJO |
| 650 ## - Materia general |
| Temática (materia general) |
ENERGÍA |
| 650 ## - Materia general |
| Temática (materia general) |
CONSERVACIÓN |
| 650 ## - Materia general |
| Temática (materia general) |
ACÚSTICA |
| 650 ## - Materia general |
| Temática (materia general) |
ÓPTICA |
| 650 ## - Materia general |
| Temática (materia general) |
ELECTRICIDAD |
| 650 ## - Materia general |
| Temática (materia general) |
ÁCIDOS |
| 650 ## - Materia general |
| Temática (materia general) |
REACCIONES QUÍMICAS |
| 650 ## - Materia general |
| Temática (materia general) |
FORMULACIÓN |
| 650 ## - Materia general |
| Temática (materia general) |
QUÍMICA ORGÁNICA |
| 650 ## - Materia general |
| Temática (materia general) |
ESTRUCTURA ATÓMICA |
| 650 ## - Materia general |
| Temática (materia general) |
TERMOMETRÍA |
| 650 ## - Materia general |
| Temática (materia general) |
CALORIMETRÍA |
| 650 ## - Materia general |
| Temática (materia general) |
DILATACIÓN |
| 650 ## - Materia general |
| Temática (materia general) |
NÚCLEO |
| 650 ## - Materia general |
| Temática (materia general) |
RADIOACTIVIDAD |
| 650 ## - Materia general |
| Temática (materia general) |
CORRIENTE ELÉCTRICA |
| 650 ## - Materia general |
| Temática (materia general) |
CIRCUITOS ELÉCTRICOS |
| 650 ## - Materia general |
| Temática (materia general) |
SÓLIDOS |
| 650 ## - Materia general |
| Temática (materia general) |
LÍQUIDOS |
| 650 ## - Materia general |
| Temática (materia general) |
GASES |
| 650 ## - Materia general |
| Temática (materia general) |
LUZ |
| 650 ## - Materia general |
| Temática (materia general) |
COLOR |
| 650 ## - Materia general |
| Temática (materia general) |
AMPERÍMETROS |
| 650 ## - Materia general |
| Temática (materia general) |
VOLÍMETRO |
| 650 ## - Materia general |
| Temática (materia general) |
AIRE |
| 650 ## - Materia general |
| Temática (materia general) |
ATMOSFERA |
| 650 ## - Materia general |
| Temática (materia general) |
ONDAS |
| 650 ## - Materia general |
| Temática (materia general) |
ONDAS ELECTROMAGNÉTICAS |
| 650 ## - Materia general |
| Temática (materia general) |
POLARIZACIÓN |
| 650 ## - Materia general |
| Temática (materia general) |
CORRIENTE ALTERNA |
| 650 ## - Materia general |
| Temática (materia general) |
CIRCUITOS |
| 650 ## - Materia general |
| Temática (materia general) |
DIODO |
| 650 ## - Materia general |
| Temática (materia general) |
TRIODO |
| 650 ## - Materia general |
| Temática (materia general) |
SEMICONDUCTORES |
| 650 ## - Materia general |
| Temática (materia general) |
ÁTOMOS |
| 650 ## - Materia general |
| Temática (materia general) |
MOLÉCULAS |
| 650 ## - Materia general |
| Temática (materia general) |
ESTEQUIOMETRÍA |
| 650 ## - Materia general |
| Temática (materia general) |
TERMODINÁMICA |
| 650 ## - Materia general |
| Temática (materia general) |
CINÉTICA QUÍMICA |
| 650 ## - Materia general |
| Temática (materia general) |
EQUILIBRIO QUÍMICO |
| 650 ## - Materia general |
| Temática (materia general) |
OXIDACIÓN |
| 650 ## - Materia general |
| Temática (materia general) |
REDUCCIÓN |
| 650 ## - Materia general |
| Temática (materia general) |
ENERGÍA ELÉCTRICA |
| 650 ## - Materia general |
| Temática (materia general) |
ELECTRÓLISIS |
| 650 ## - Materia general |
| Temática (materia general) |
CORROSIÓN |
| 650 ## - Materia general |
| Temática (materia general) |
RAYOS X |
| 650 ## - Materia general |
| Temática (materia general) |
METALES |
| 650 ## - Materia general |
| Temática (materia general) |
NOMENCLATURA |
| 650 ## - Materia general |
| Temática (materia general) |
MECANISMOS DE REACCIÓN |
| 650 ## - Materia general |
| Temática (materia general) |
LEYES DE LA DINÁMICA |
| 650 ## - Materia general |
| Temática (materia general) |
POTENCIA |
| 650 ## - Materia general |
| Temática (materia general) |
ENERGIA CINÉTICA |
| 650 ## - Materia general |
| Temática (materia general) |
SONIDO |
| 650 ## - Materia general |
| Temática (materia general) |
RESONANCIA |
| 650 ## - Materia general |
| Temática (materia general) |
HIDROSTÁTICA |
| 650 ## - Materia general |
| Temática (materia general) |
GRAVEDAD |
| 650 ## - Materia general |
| Temática (materia general) |
HIDROCARBUROS |
| 650 ## - Materia general |
| Temática (materia general) |
SISTEMA INTERNACIONAL DE UNIDADES |
| 650 ## - Materia general |
| Temática (materia general) |
VECTORES |
| 650 ## - Materia general |
| Temática (materia general) |
MEDICIÓN |
| 942 ## - Punto de acceso adicional KOHA |
| Tipo de ítem KOHA |
Libro |
| Fuente del sistema de clasificación o colocación |
Dewey Decimal Classification |